Κατάλογος Βιβλιοθηκών Mediterranean College

Multinational Financial Management / Seventh Edition (Record no. 5755)

MARC details
000 -LEADER
fixed length control field 02303cam a22002174a 4500
005 - ΗΜΕΡΟΜΗΝΙΑ ΚΑΙ ΩΡΑ ΤΕΛΕΥΤΑΙΑΣ ΕΝΗΜΕΡΩΣΗΣ
Πεδίο ελέγχου 20250605164221.0
008 - FIXED-LENGTH DATA ELEMENTS--GENERAL INFORMATION
Πεδίο ελέγχου σταθερού μήκους 250528s ||||||||||||||||||||||||d
035 ## - SYSTEM CONTROL NUMBER
System control number 20669
020 ## - ISBN
ISBN 471395307
040 ## - ΠΗΓΗ ΚΑΤΑΛΟΓΟΓΡΑΦΗΣΗΣ
Φορέας πρωτότυπης καταλογογράφησης MC Athens Campus Library
Γλώσσα καταλογογράφησης Ελληνικά, Μοντέρνα (1453-)
Modifying agency MC Athens Campus Library
Κανόνες περιγραφικής καταλογογράφησης AACR2
245 1# - ΤΙΤΛΟΣ ΚΑΙ ΔΗΛΩΣΗ ΥΠΕΥΘΥΝΟΤΗΤΑΣ
Τίτλος Multinational Financial Management / Seventh Edition
250 ## - EDITION STATEMENT
Edition statement 7th
260 ## - PUBLICATION, DISTRIBUTION, ETC.
Name of publisher, distributor, etc. John Wiley And Sons, Inc,
Date of publication, distribution, etc. 2003
300 ## - PHYSICAL DESCRIPTION
Extent 754
505 0# - FORMATTED CONTENTS NOTE
Formatted contents note Preface, Environment of International Financial Management, The Determination of Exchange Rates, The International Monetary System, The Balance of Payments and International Economic Linkages, Country Risk Analysis, Foreign Exchange and Derivatives Markets, The Foreign Exchange Market, Current Futures and Options Markets, Swaps and Interest Rate Derivatives, Foreign Exchange Risk Management, Measuring and Managing Economic Exposure, Financing the Multinational Corporation, International Financing and National Capital Markets, The Euromarkets, The Cost of Capital for Foreign Investments, Foreign Investment Analysis, International Portfolio Investment, Capital Budgeting for the Multinational Corporation, Multinational Working Capital Management, Financing Foreign Trade, Managing the Multinational Financing System, Glossary of Key Words and Terms in International Finance, Index.
520 ## - SUMMARY, ETC.
Summary, etc. Preface, Environment of International Financial Management, The Determination of Exchange Rates, The International Monetary System, The Balance of Payments and International Economic Linkages, Country Risk Analysis, Foreign Exchange and Derivatives Markets, The Foreign Exchange Market, Current Futures and Options Markets, Swaps and Interest Rate Derivatives, Foreign Exchange Risk Management, Measuring and Managing Economic Exposure, Financing the Multinational Corporation, International Financing and National Capital Markets, The Euromarkets, The Cost of Capital for Foreign Investments, Foreign Investment Analysis, International Portfolio Investment, Capital Budgeting for the Multinational Corporation, Multinational Working Capital Management, Financing Foreign Trade, Managing the Multinational Financing System, Glossary of Key Words and Terms in International Finance, Index.
700 1# - ΠΡΟΣΘΕΤΗ ΑΝΑΓΡΑΦΗ--ΦΥΣΙΚΟ ΠΡΟΣΩΠΟ
Personal name Shapiro Alan C
9 (RLIN) 1225
942 ## - ADDED ENTRY ELEMENTS (KOHA)
Koha item type Books
Holdings
Τύπος τεκμηρίου Βιβλιοθήκη Τρέχουσα τοποθεσία Barcode Αριθμός εισαγωγής Ημερομηνία απόκτησης Ταξιθετικό σύμβολο Αριθμός αντιτύπου Κατάσταση απόσυρσης Κατάσταση χαμένου Κατάσταση κατεστραμμένου Μη δανεισμός Σύνολο δανεισμών Ημερομηνία τελευταίας εμφάνισης Η τιμή ισχύει από
Books MC Athens Campus Library MC Athens Campus Library 9780000057549 7268 05/06/2025 658.1/599 SHA 2           05/06/2025 05/06/2025

MC Athens Campus Library
Πατησίων 94 & Κοδριγκτώνος 13, 104 34
Πελλήνης 8 & Πατησίων 107, 112 51
Τ: +30 210 8899600

MC Thessaloniki Campus Library
Ίωνος Δραγούμη 21, 54625 | Ίωνος Δραγούμη 15, 54625
Τ: +30 2310 287779 – Τ: +30 2314 440300